01206nam a2200193Ia 4500001001000000003001000010008004100020040002500061041001200086100003000098245011600128250001100244260007400255300001100329500026200340501011400602520026200716650003400978L235-9002IT-CnALBA170116s9999||||xx |||||||||||||| ||und|| aIT-CnALBAcIT-CnALBA aLATINO  aNEAPOLITANA SEU BISUNTINA 0aCANONIZATIONIS BEATAE JOANNAE ANTIDAE THOURET, FUNDATRICIS INSTITUTI SORORUM A CARITATE. - POSITIO SUPER TUTO.  a1a ed. a ROMAbMIRRI E GUERRA c1933 [1° Ed.:1933 - Ed.Ling.Originale: 1933] a24 p.  aCONGREGAZIONE DEI RITI. RELATORE, CARDINAL PIGNATELLI DI BELMONTE. SE DOPO L'APPROVAZIONE DEI DUE MIRACOLI RICHIESTI SI PUÒ PROCEDERE CON SICUREZZA ALLA SOLENNE CANONIZZAZIONE DELLA BEATA GIOVANNA ANTIDA THOURET, FONDATRICE DELL'ISTITUTO DELLE SUORE DELLA aSocietà San Paolo EM - Piazza San Paolo, 14 - 12051 ALBA (CN) (non commercial uses only) ® Copyright 2017 aCONGREGAZIONE DEI RITI. RELATORE, CARDINAL PIGNATELLI DI BELMONTE. SE DOPO L'APPROVAZIONE DEI DUE MIRACOLI RICHIESTI SI PUÒ PROCEDERE CON SICUREZZA ALLA SOLENNE CANONIZZAZIONE DELLA BEATA GIOVANNA ANTIDA THOURET, FONDATRICE DELL'ISTITUTO DELLE SUORE DELLA aMARIA SS. ANGELI SANTI DEMONI